| 000 | 00580nam a2200145Ia 4500 | ||
|---|---|---|---|
| 008 | 151213s9999 xx 000 0 und d | ||
| 100 | _aআবু তাহের মজুমদার। | ||
| 245 |
_aস্যার উইলিয়াম জোন্স ও অন্র্যান্য প্রবন্ধ। _cআবু তাহের মজুমদার। |
||
| 260 |
_aঢাকা _bপুনম। _c1988 |
||
| 300 | _a8442 p. | ||
| 650 | _aBangla | ||
| 650 | _aBengali Literature | ||
| 700 | _aআবু তাহের মজুমদার। | ||
| 999 |
_c4280 _d4280 |
||